| 000 -LEADER |
| fixed length control field |
01014nam a2200217Ia 4500 |
| 001 - CONTROL NUMBER |
| control field |
11725 |
| 003 - CONTROL NUMBER IDENTIFIER |
| control field |
GE_BSU |
| 008 - FIXED-LENGTH DATA ELEMENTS--GENERAL INFORMATION |
| fixed length control field |
181216s||||||||xx |||||||||||||| ||und|| |
| 040 ## - CATALOGING SOURCE |
| Transcribing agency |
GE_BSU |
| 080 ## - UNIVERSAL DECIMAL CLASSIFICATION NUMBER |
| Universal Decimal Classification number |
37.01+371+37.03 |
| 100 ## - MAIN ENTRY--PERSONAL NAME |
| Personal name |
უშინსკი,კ.დ. Ушинский,К. Д. |
| 245 ## - TITLE STATEMENT |
| Title |
რჩეული პედაგოგიური თხზულებანი.ტ.1. Избранные педагогические сочинения. |
| 245 ## - TITLE STATEMENT |
| Statement of responsibility, etc. |
ტომის შემდგ. და რედ:დ.ლორთქიფანიძე; თარგმ:ლ.კალანდაძის. |
| 260 ## - PUBLICATION, DISTRIBUTION, ETC. |
| Place of publication, distribution, etc. |
თბილისი |
| 260 ## - PUBLICATION, DISTRIBUTION, ETC. |
| Name of publisher, distributor, etc. |
ინ-ტის გამ-ბა |
| 260 ## - PUBLICATION, DISTRIBUTION, ETC. |
| Date of publication, distribution, etc. |
1954 |
| 300 ## - PHYSICAL DESCRIPTION |
| Extent |
352გვ;22სმ. |
| 300 ## - PHYSICAL DESCRIPTION |
| Other physical details |
სახელთა საძიებ.გვ:350 |
| 653 ## - INDEX TERM--UNCONTROLLED |
| Uncontrolled term |
რჩეული პედაგოგიური თხზულებანი.ტ.1. Избранные педагогические сочинения. |
| 942 ## - ADDED ENTRY ELEMENTS (KOHA) |
| Koha item type |
წიგნი |